<?xml version="1.0" encoding="UTF-8"?>
<collection xmlns="http://www.loc.gov/MARC21/slim">
 <record>
  <leader>01144nam a2200205Ia 4500</leader>
  <controlfield tag="001">CTU_224824</controlfield>
  <controlfield tag="008">210402s9999    xx            000 0 und d</controlfield>
  <datafield tag="082" ind1=" " ind2=" ">
   <subfield code="a">615.321</subfield>
  </datafield>
  <datafield tag="082" ind1=" " ind2=" ">
   <subfield code="b">Th107</subfield>
  </datafield>
  <datafield tag="100" ind1=" " ind2=" ">
   <subfield code="a">Lư, Thị Lan Thanh</subfield>
  </datafield>
  <datafield tag="245" ind1=" " ind2="0">
   <subfield code="a">Ảnh hưởng của cao chiết lá xoài non (Mangifera indica) đến glucose huyết và hoạt động của enzyme glucose-6-phosphatase ở chuột bị bệnh đái tháo đường :</subfield>
  </datafield>
  <datafield tag="245" ind1=" " ind2="0">
   <subfield code="b">Luận văn tốt nghiệp Cao học. Chuyên ngành Sinh thái học</subfield>
  </datafield>
  <datafield tag="245" ind1=" " ind2="0">
   <subfield code="c">Lư Thị Lan Thanh ; Đái Thị Xuân Trang, Nguyễn Thị Ái Lan (Người hướng dẫn)</subfield>
  </datafield>
  <datafield tag="260" ind1=" " ind2=" ">
   <subfield code="a">Cần Thơ</subfield>
  </datafield>
  <datafield tag="260" ind1=" " ind2=" ">
   <subfield code="b">Trường Đại học Cần Thơ</subfield>
  </datafield>
  <datafield tag="260" ind1=" " ind2=" ">
   <subfield code="c">2017</subfield>
  </datafield>
  <datafield tag="520" ind1=" " ind2=" ">
   <subfield code="a">Khảo sát ảnh hưởng của cao chiết lá xoài non (Mangifera indica) đến glucose huyết và hoạt động của enzyme G6Pase ở chuột nhắt trắng bệnh đái tháo đường.</subfield>
  </datafield>
  <datafield tag="650" ind1=" " ind2=" ">
   <subfield code="a">Cây thuốc,Medicinal plants</subfield>
  </datafield>
  <datafield tag="910" ind1=" " ind2=" ">
   <subfield code="b">nthai</subfield>
  </datafield>
  <datafield tag="980" ind1=" " ind2=" ">
   <subfield code="a">Trung tâm Học liệu Trường Đại học Cần Thơ</subfield>
  </datafield>
 </record>
</collection>
